Penghuni hutan simpan

Bibliographic Details
Main Author: Azizah Sharif
Corporate Author: Title
Format: Book
Published: Kuala Lumpur : Penerbitan Tinta , 1996
Series:Siri fantasi sains
Subjects:

MARC

LEADER 00000cam a2200000 7i4500
001 0000054773
005 20151222.0
008 151109
020 |a 98304115X 
090 0 0 |a AD   |b MAL 
100 0 |a Azizah Sharif 
245 1 0 |a Penghuni hutan simpan   |c Azizah Sharif 
260 |a Kuala Lumpur :   |b Penerbitan Tinta ,   |c 1996 
440 0 |a Siri fantasi sains 
500 |a Children ages 7-9 years old (orange) 
650 0 |a Detective and mystery stories, Malay 
650 0 |a Malay fiction 
710 0 |a Title 
999 |a 0000446335   |b Book   |c Children Collection   |e Cawangan Muar